Statistics for ParkerHN Quiz

Click here to take the quiz!

General Stats

  • This quiz has been taken 6 times
  • The average score is 4 of 7

Answer Stats

QuestionAnswer% Correct
Does He Play FortniteYes
100%
What's Parkers Age13
80%
Who Is Big Brain In His ChatHusky
60%
How Much Followers Does Parker Have423
40%
Name The Most Famous ModTam
40%
What's The Best Chicken/Dino ThingChicken Tendies
20%
Why Would Parker Get BannedUnderage
20%

Score Distribution

Percentile by Number Answered

Percent of People with Each Score

Your Score History

You have not taken this quiz